Martin Chuzzlewit / (Record no. 174615)

000 -LEADER
fixed length control field 02260cam a2200409 a 4500
001 - CONTROL NUMBER
control field 15778231
003 - CONTROL NUMBER IDENTIFIER
control field Nust
005 - DATE AND TIME OF LATEST TRANSACTION
control field 20220829163319.0
008 - FIXED-LENGTH DATA ELEMENTS--GENERAL INFORMATION
fixed length control field 090616r20091982enka b 000 0 eng d
010 ## - LIBRARY OF CONGRESS CONTROL NUMBER
LC control number 2009291580
020 ## - INTERNATIONAL STANDARD BOOK NUMBER
International Standard Book Number 978-0710517456 (pbk.)
020 ## - INTERNATIONAL STANDARD BOOK NUMBER
International Standard Book Number 0710517459
035 ## - SYSTEM CONTROL NUMBER
System control number (OCoLC)ocn294885624
040 ## - CATALOGING SOURCE
Original cataloging agency BTCTA
Transcribing agency BTCTA
Modifying agency YDXCP
-- SGB
-- DLC
042 ## - AUTHENTICATION CODE
Authentication code lccopycat
043 ## - GEOGRAPHIC AREA CODE
Geographic area code e-uk-en
-- n-us---
050 00 - LIBRARY OF CONGRESS CALL NUMBER
Classification number PR4563.A2
Item number C37 2009
082 00 - DEWEY DECIMAL CLASSIFICATION NUMBER
Classification number 823
Author Mark DIC
100 1# - MAIN ENTRY--PERSONAL NAME
Personal name Dickens, Charles,
Dates associated with a name 1812-1870.
9 (RLIN) 12180
245 10 - TITLE STATEMENT
Title Martin Chuzzlewit /
Statement of responsibility, etc. Charles Dickens ;
260 ## - PUBLICATION, DISTRIBUTION, ETC.
Place of publication, distribution, etc. Priory Book;
-- UK :
Name of publisher, distributor, etc. Peter Haddock,
Date of publication, distribution, etc. 2009.
300 ## - PHYSICAL DESCRIPTION
Extent 233 p. :
Dimensions 20 cm.
490 1# - SERIES STATEMENT
Series statement Oxford world's classics
520 ## - SUMMARY, ETC.
Summary, etc. At the center of Martin Chuzzlewit is Martin himself, very old, very rich, very much on his guard. What he suspects (with good reason) is that every one of his close and distant relations, now converging in droves on the country inn where they believe he is dying, will stop at nothing to become the inheritor of his great fortune. Having unjustly disinherited his grandson, young Martin, the old fellow now trusts no one but Mary Graham, the pretty girl hired as his companion. Though she has been made to understand she will not inherit a penny, she remains old Chuzzlewit's only ally. As the viperish relations and hangers-on close in on him, we meet some of Dickens's most marvelous characters - among them Mr. Pecksniff (whose name has entered the language as a synonym for ultimate hypocrisy and self-importance): the fabulously evil Jonas Chuzzlewit: the strutting reptile Tigg Montague: and the ridiculous, terrible, comical Sairey Gamp.
650 #0 - SUBJECT ADDED ENTRY--TOPICAL TERM
Topical term or geographic name entry element British
Geographic subdivision United States
Form subdivision Fiction.
9 (RLIN) 98640
650 #0 - SUBJECT ADDED ENTRY--TOPICAL TERM
Topical term or geographic name entry element Grandfathers
Form subdivision Fiction.
9 (RLIN) 98609
650 #0 - SUBJECT ADDED ENTRY--TOPICAL TERM
Topical term or geographic name entry element Young men
Form subdivision Fiction.
9 (RLIN) 12184
650 #0 - SUBJECT ADDED ENTRY--TOPICAL TERM
Topical term or geographic name entry element Avarice
Form subdivision Fiction.
9 (RLIN) 98641
651 #0 - SUBJECT ADDED ENTRY--GEOGRAPHIC NAME
Geographic name United States
General subdivision Description and travel
Form subdivision Fiction.
9 (RLIN) 98642
651 #0 - SUBJECT ADDED ENTRY--GEOGRAPHIC NAME
Geographic name England
Form subdivision Fiction.
9 (RLIN) 1072
655 #7 - INDEX TERM--GENRE/FORM
Genre/form data or focus term Black humor (Literature)
Source of term gsafd
9 (RLIN) 98643
655 #7 - INDEX TERM--GENRE/FORM
Genre/form data or focus term Adventure stories.
Source of term gsafd
655 #7 - INDEX TERM--GENRE/FORM
Genre/form data or focus term Bildungsromans.
Source of term gsafd
906 ## - LOCAL DATA ELEMENT F, LDF (RLIN)
a 7
b cbc
c copycat
d 2
e ncip
f 20
g y-gencatlg
942 ## - ADDED ENTRY ELEMENTS (KOHA)
Source of classification or shelving scheme
Koha item type Book
Holdings
Withdrawn status Lost status Source of classification or shelving scheme Damaged status Not for loan Permanent Location Current Location Shelving location Date acquired Full call number Barcode Date last seen Copy number Price effective from Koha item type
          Central Library (CL) Central Library (CL) Fiction 02/03/2017 823 DIC CL685 02/12/2026 1 02/03/2017 Book
© 2023 Central Library, National University of Sciences and Technology. All Rights Reserved.